[Event "Canadian zt"]
[Site "Toronto"]
[Date "2024.04.01"]
[Round "9"]
[White "Yang, Lefan"]
[Black "Campbell, Ryan"]
[Result "0-1"]
[WhiteElo "1942"]
[BlackElo "2064"]
[PlyCount "57"]
[EventDate "2024.03.27"]
[EventType "team-swiss"]
[EventRounds "10"]
[EventCountry "CAN"]
[SourceTitle "CB15_2024"]
[SourceDate "2024.04.10"]
[SourceVersion "1"]
[SourceVersionDate "2024.04.10"]
[SourceQuality "1"]

1. d4 d5 2. c4 e6 3. Nc3 Be7 4. cxd5 exd5 5. Bf4 c6 6. e3 Bf5 7. Nge2 Nd7 8. Ng3 Bg6 9. Rc1 Nf8 10. h4 h5 11. Bd3 Bxd3 12. Qxd3 Ng6 13. Be5 Bf6 14. Bxf6 Nxf6 15. Qe2 Kf8 16. b4 a6 17. a4 Qd6 18. b5 Nf4 19. Qd2 Re8 20. 0-0 Ng6 21. bxc6 bxc6 22. Qd3 Nxh4 23. Qxa6 Qd7 24. Qd3 Nh7 25. e4 Ng5 26. Qe3 Ngf3+ 27. Kh1 Qg4 28. e5 Nxd4 29. f3 0-1

[Event "Canadian zt"]
[Site "Toronto"]
[Date "2024.04.01"]
[Round "8"]
[White "Yang, Lefan"]
[Black "Marchand, Calix"]
[Result "1/2-1/2"]
[WhiteElo "1942"]
[BlackElo "1942"]
[PlyCount "87"]
[EventDate "2024.03.27"]
[EventType "team-swiss"]
[EventRounds "10"]
[EventCountry "CAN"]
[SourceTitle "CB15_2024"]
[SourceDate "2024.04.10"]
[SourceVersion "1"]
[SourceVersionDate "2024.04.10"]
[SourceQuality "1"]

1. c4 e5 2. Nc3 Nf6 3. e3 Nc6 4. Nf3 Be7 5. a3 0-0 6. d4 exd4 7. Nxd4 Re8 8. Be2 Bf8 9. 0-0 g6 10. b4 Bg7 11. Bb2 Ne5 12. Nd5 d6 13. Nb5 Nxd5 14. cxd5 Bf5 15. Qb3 Be4 16. Rad1 a6 17. Nc3 Bf5 18. e4 Bd7 19. h3 f5 20. f4 Nf7 21. Bf3 Qh4 22. exf5 Bxf5 23. Ne2 Bxb2 24. Qxb2 Re3 25. Nd4 Rae8 26. Nxf5 gxf5 27. Qd4 Rxa3 28. Rc1 Re7 29. Qa7 Qxf4 30. Qxb7 Rxf3 31. Qc8+ Kg7 32. Rxf3 Qxc1+ 33. Kh2 Ng5 34. Rxf5 Rf7 35. h4 Rxf5 36. Qxf5 Nf7 37. Qg4+ Kf6 38. Qe6+ Kg7 39. Qg4+ Kf8 40. Qc8+ Ke7 41. Qe6+ Kf8 42. Qc8+ Ke7 43. Qe6+ Kf8 44. Qc8+ 1/2-1/2

[Event "Toronto Excelsior op"]
[Site "Toronto"]
[Date "2023.04.21"]
[Round "1"]
[White "Wang, Andy Zixin"]
[Black "Yang, Lefan"]
[Result "1-0"]
[WhiteElo "1625"]
[BlackElo "1892"]
[PlyCount "93"]
[EventDate "2023.04.21"]
[EventType "swiss"]
[EventRounds "5"]
[EventCountry "CAN"]
[SourceTitle "CBM 213 Extra"]
[Source "ChessBase"]
[SourceDate "2023.05.31"]
[SourceVersion "1"]
[SourceVersionDate "2023.05.31"]
[SourceQuality "1"]

1. e4 c5 2. Nf3 Nc6 3. d4 cxd4 4. Nxd4 Nf6 5. Nc3 e5 6. Ndb5 d6 7. Bg5 a6 8. Na3 b5 9. Bxf6 gxf6 10. Nd5 f5 11. exf5 Bxf5 12. c3 Bg7 13. Nc2 0-0 14. Nce3 Be6 15. a4 b4 16. cxb4 Nd4 17. Bc4 Qb8 18. Rc1 Qb7 19. 0-0 Rac8 20. b3 Kh8 21. Qd3 Rc6 22. f4 f5 23. Kh1 e4 24. Qd2 Rcc8 25. Rfd1 h6 26. Qf2 Kh7 27. Qf1 Qa7 28. Nc2 Bxd5 29. Nxd4 Bxc4 30. Rxc4 Rxc4 31. Qxc4 Bxd4 32. Qxd4 Qf7 33. Qd5 Qxd5 34. Rxd5 Rb8 35. Rd4 Rb6 36. Kg1 Kg6 37. Kf2 Kf6 38. h3 h5 39. a5 Rb5 40. Rxd6+ Ke7 41. Rxa6 Rxb4 42. Rb6 Rd4 43. Ke2 Rd5 44. b4 Kd7 45. a6 Rd3 46. b5 Rb3 47. a7 1-0

[Event "CAN-ch"]
[Site "Toronto"]
[Date "2023.04.10"]
[Round "8"]
[White "Yang, Lefan"]
[Black "Joseph Benher, Savio"]
[Result "1/2-1/2"]
[WhiteElo "1892"]
[BlackElo "1902"]
[PlyCount "72"]
[EventDate "2023.04.06"]
[EventType "swiss"]
[EventRounds "9"]
[EventCountry "CAN"]
[SourceTitle "CBM 213 Extra"]
[Source "ChessBase"]
[SourceDate "2023.05.31"]
[SourceVersion "1"]
[SourceVersionDate "2023.05.31"]
[SourceQuality "1"]

1. d4 Nf6 2. c4 e6 3. Nc3 Bb4 4. e3 b6 5. Nge2 Ba6 6. a3 Be7 7. Nf4 d5 8. Qa4+ c6 9. cxd5 Bxf1 10. Rxf1 exd5 11. Bd2 0-0 12. f3 Bd6 13. Nce2 a5 14. Kf2 b5 15. Qc2 Ra6 16. Qd3 Nbd7 17. a4 Qb6 18. axb5 cxb5 19. Qf5 Qb7 20. Rfc1 Nb6 21. b3 a4 22. Qd3 Nbd7 23. bxa4 Rxa4 24. Qb3 Qa8 25. Bc3 Rb8 26. Nd3 Qa6 27. Bb2 Rxa1 28. Rxa1 Qb7 29. Ne5 Re8 30. Qd3 b4 31. Rb1 Qb8 32. Nc6 Qa8 33. Ne5 Qb8 34. Nc6 Qb6 35. Rc1 Ra8 36. Ne5 Re8 1/2-1/2

[Event "CAN-ch"]
[Site "Toronto"]
[Date "2023.04.07"]
[Round "2"]
[White "Yang, Lefan"]
[Black "Rusonik, Max"]
[Result "0-1"]
[WhiteElo "1892"]
[BlackElo "2262"]
[PlyCount "44"]
[EventDate "2023.04.06"]
[EventType "swiss"]
[EventRounds "9"]
[EventCountry "CAN"]
[SourceTitle "CBM 213 Extra"]
[Source "ChessBase"]
[SourceDate "2023.05.31"]
[SourceVersion "1"]
[SourceVersionDate "2023.05.31"]
[SourceQuality "1"]

1. d4 Nf6 2. c4 e6 3. Nc3 Bb4 4. e3 0-0 5. Nge2 c6 6. a3 Ba5 7. b4 Bc7 8. e4 d5 9. e5 Nfd7 10. cxd5 exd5 11. Ng3 f6 12. f4 fxe5 13. fxe5 Qh4 14. Be3 Nxe5 15. dxe5 Bxe5 16. Nce2 Bg4 17. Rg1 Bc3+ 18. Nxc3 Bxd1 19. Rxd1 Nd7 20. Rd4 Qf6 21. Kd2 Rae8 22. Be2 Rxe3 0-1